[Event "Olomouc Chess Summer 2018 - open"]
[Site "Olomouc (CZE)"]
[Date "2018.08.16"]
[Round "7.9"]
[White "Corso, Roberto"]
[Black "Kubicki, Marek"]
[Result "1-0"]
[WhiteElo "2054"]
[BlackElo "2124"]
[PlyCount "85"]
[EventDate "2018.08.11"]

1. Nf3 c5 2. g3 Nc6 3. c4 Nf6 4. Bg2 d5 5. cxd5 Nxd5 6. O-O e6 7. d4 Be7 8. e4
Nf6 9. e5 Nd5 10. dxc5 Bxc5 11. Nbd2 O-O 12. a3 a5 13. Ne4 Be7 14. Qc2 Qc7 15.
Bf4 Nxf4 16. gxf4 f5 17. Nc3 g5 18. Ne2 Bd7 19. Rac1 Rac8 20. fxg5 Qb8 21. Qd2
Be8 22. Qf4 Bh5 23. Ned4 Bxf3 24. Nxf3 Kg7 25. h4 Rcd8 26. h5 Rd7 27. Rfd1 Rfd8
28. Rxd7 Rxd7 29. Qc4 Rd5 30. h6+ Kf8 31. Qe2 Qe8 32. Rd1 Rxd1+ 33. Qxd1 Qd8
34. Qb3 Nd4 35. Nxd4 Qxd4 36. Qxe6 Qd1+ 37. Kh2 Qh5+ 38. Bh3 Qxg5 39. Bxf5 Qf4+
40. Kg2 Qg5+ 41. Bg4 Qf4 42. Qc8+ Kf7 43. Bh5# 1-0

[Event "Olomouc Chess Summer 2018 - open"]
[Site "Olomouc (CZE)"]
[Date "2018.08.16"]
[Round "7.12"]
[White "Khachatouri, Saro"]
[Black "Dave, Dhyani"]
[Result "1-0"]
[WhiteElo "1945"]
[BlackElo "2114"]
[PlyCount "67"]
[EventDate "2018.08.11"]

1. e4 c5 2. Nf3 d6 3. g3 Nc6 4. Bg2 g6 5. O-O Bg7 6. d3 e5 7. Nc3 Nge7 8. Nd2
O-O 9. Nc4 Nd4 10. a4 Be6 11. Nd5 Ndc6 12. c3 f5 13. f4 Qd7 14. a5 Rae8 15. Qa4
Kh8 16. a6 fxe4 17. Nxe7 Rxe7 18. axb7 d5 19. Nxe5 Nxe5 20. fxe5 Rxf1+ 21. Bxf1
Qxb7 22. Bg5 Rd7 23. Qa6 Qxa6 24. Rxa6 Bg8 25. e6 Rb7 26. dxe4 dxe4 27. Bc4 Rb8
28. Rxa7 h6 29. Be3 Re8 30. Ra6 Rc8 31. Bd5 Rb8 32. Bxc5 Rxb2 33. Ra8 Kh7 34.
Rxg8 1-0

[Event "Olomouc Chess Summer 2018 - open"]
[Site "Olomouc (CZE)"]
[Date "2018.08.17"]
[Round "8.1"]
[White "Zielinski, Wojciech"]
[Black "Bugalski, Michal"]
[Result "1-0"]
[WhiteElo "2157"]
[BlackElo "2263"]
[PlyCount "65"]
[EventDate "2018.??.??"]

1. d4 Nf6 2. c4 e6 3. Nc3 Bb4 4. Qc2 c5 5. dxc5 Na6 6. g3 Nxc5 7. Bg2 d5 8.
cxd5 exd5 9. Bd2 d4 10. Nb1 Bxd2+ 11. Nxd2 Qe7 12. Rc1 Ne6 13. Ngf3 Bd7 14. O-O
O-O 15. Nb3 Ba4 16. Qc4 Bxb3 17. Qxb3 Rad8 18. Rfd1 Rd6 19. Qa3 Re8 20. Bh3 h6
21. Bxe6 Qxe6 22. Nxd4 Qd7 23. e3 Ra6 24. Qb3 Rb6 25. Qc2 Qh3 26. Nf3 Ng4 27.
Qa4 Rf8 28. Rc4 h5 29. Qc2 Rg6 30. Rc8 Rc6 31. Rdd8 Rxc2 32. Rxf8+ Kh7 33. Ng5+
1-0

[Event "Olomouc Chess Summer 2018 - open"]
[Site "Olomouc (CZE)"]
[Date "2018.08.17"]
[Round "8.2"]
[White "Husarik, Branko"]
[Black "Zdrazil, Tomas"]
[Result "1/2-1/2"]
[WhiteElo "2072"]
[BlackElo "2065"]
[PlyCount "100"]
[EventDate "2018.??.??"]

1. f4 c5 2. Nf3 d5 3. e3 Nf6 4. d4 Nc6 5. c3 Bg4 6. Bd3 e6 7. Nbd2 Be7 8. O-O
O-O 9. Qe1 Bf5 10. Be2 Ne4 11. h3 Nxd2 12. Bxd2 Qb6 13. Bc1 Be4 14. g4 f5 15.
Qg3 Bxf3 16. Rxf3 g6 17. h4 Kf7 18. Rf2 Bf6 19. h5 Rg8 20. Rh2 Rg7 21. Kf2 fxg4
22. hxg6+ hxg6 23. Qxg4 Ne7 24. Rb1 Nf5 25. Bd3 Rc8 26. Bxf5 gxf5 27. Qh5+ Ke7
28. Qe2 Rcg8 29. Ke1 Rg1+ 30. Kd2 cxd4 31. exd4 Bxd4 32. Kc2 Qc6 33. a3 Bf6 34.
Bd2 Qa4+ 35. b3 Qxa3 36. Rh7+ Kd6 37. Qb5 R1g7 38. Rh6 Rf7 39. Re1 Qa2+ 40. Kc1
Qa3+ 41. Kc2 Rg2 42. Kd3 Rg3+ 43. Re3 Rxe3+ 44. Bxe3 Qa6 45. Bc5+ Kc7 46. Qxa6
bxa6 47. Bxa7 Kd7 48. Bd4 Bd8 49. Be5 Bb6 50. Rh8 Bd8 1/2-1/2

[Event "Olomouc Chess Summer 2018 - open"]
[Site "Olomouc (CZE)"]
[Date "2018.08.17"]
[Round "8.3"]
[White "Schmid, Thomas"]
[Black "Budnik, Mateusz"]
[Result "1-0"]
[WhiteElo "2109"]
[BlackElo "2003"]
[PlyCount "120"]
[EventDate "2018.??.??"]

1. e4 c5 2. Nf3 e6 3. g3 d6 4. Bg2 Nc6 5. O-O Nf6 6. Re1 Be7 7. c3 d5 8. e5 Nd7
9. d4 Qb6 10. Re2 Nf8 11. Be3 cxd4 12. cxd4 Bd7 13. Nc3 Ng6 14. h4 h6 15. Rc1
Na5 16. Na4 Qa6 17. Nc5 Bxc5 18. Rxc5 Nc4 19. b3 Nxe3 20. fxe3 Ne7 21. Rec2 Nf5
22. Qe1 O-O 23. g4 Ne7 24. Rc7 Rfd8 25. Qb4 Nc6 26. Qxb7 Qd3 27. R2xc6 Bxc6 28.
Qxc6 Qxe3+ 29. Kh1 a5 30. g5 hxg5 31. hxg5 a4 32. bxa4 Rab8 33. Rb7 Rbc8 34.
Rc7 Rb8 35. Qc1 Qxc1+ 36. Rxc1 Rb4 37. a5 Ra4 38. g6 Rxa5 39. gxf7+ Kxf7 40.
Ng5+ Kg6 41. Nxe6 Rh8+ 42. Kg1 Kf5 43. Nxg7+ Kf4 44. e6 Ra7 45. Rf1+ Kg3 46. e7
Rxa2 47. Rf3+ Kg4 48. e8=Q Ra1+ 49. Rf1 Rxe8 50. Nxe8 Ra4 51. Rd1 Kf4 52. Kf2
Ra2+ 53. Kf1 Ke3 54. Nc7 Rf2+ 55. Kg1 Rf7 56. Nxd5+ Ke2 57. Nc3+ Ke3 58. d5 Rc7
59. d6 Rd7 60. Bh3 Rg7+ 1-0

[Event "Olomouc Chess Summer 2018 - open"]
[Site "Olomouc (CZE)"]
[Date "2018.08.17"]
[Round "8.4"]
[White "Bronowicki, Mateusz"]
[Black "Corso, Roberto"]
[Result "1-0"]
[WhiteElo "2280"]
[BlackElo "2054"]
[PlyCount "97"]
[EventDate "2018.??.??"]

1. f4 d5 2. Nf3 g6 3. g3 Bg7 4. Bg2 c5 5. O-O Nf6 6. d3 O-O 7. Qe1 Nc6 8. Na3
Bg4 9. Qf2 Bxf3 10. Bxf3 Nd4 11. c3 Nxf3+ 12. Qxf3 Qd7 13. e4 e5 14. f5 dxe4
15. dxe4 Qc6 16. Re1 b5 17. Bg5 Rad8 18. Bxf6 Bxf6 19. Rad1 a6 20. Nc2 Rxd1 21.
Rxd1 Rd8 22. Rxd8+ Bxd8 23. Ne3 Qf6 24. h4 c4 25. Kg2 h5 26. Nd5 Qd6 27. Qf2
Kg7 28. fxg6 Qxg6 29. Qf5 Qxf5 30. exf5 f6 31. Kf3 Kh6 32. a4 bxa4 33. Ne3 a3
34. bxa3 Be7 35. Nxc4 Bc5 36. a4 Ba7 37. Nd6 Bb8 38. Ne4 Kg7 39. c4 Bc7 40. Nc5
Kf7 41. g4 hxg4+ 42. Kxg4 Ba5 43. Nxa6 Bd2 44. Nc5 Ke7 45. h5 Kf7 46. Ne4 Ba5
47. c5 Kg7 48. c6 Bc7 49. Nc5 1-0

[Event "Olomouc Chess Summer 2018 - open"]
[Site "Olomouc (CZE)"]
[Date "2018.08.17"]
[Round "8.5"]
[White "Valenta, Vit"]
[Black "Cagasik, Tomas"]
[Result "1-0"]
[WhiteElo "2085"]
[BlackElo "2180"]
[PlyCount "76"]
[EventDate "2018.??.??"]

1. e4 c6 2. d4 d6 3. Nc3 Nf6 4. Nf3 Bg4 5. Be2 e6 6. Bg5 Be7 7. O-O d5 8. exd5
Nxd5 9. Bxe7 Qxe7 10. Nxd5 cxd5 11. h3 Bxf3 12. Bxf3 O-O 13. c3 Nc6 14. Re1 Qd6
15. Qb3 Rab8 16. a4 Na5 17. Qc2 Qc7 18. Be2 Rbc8 19. Bd3 g6 20. h4 Nc6 21. Qd2
Rfe8 22. h5 Kg7 23. Bb5 a6 24. Bxc6 bxc6 25. b4 a5 26. Rab1 Rb8 27. bxa5 Ra8
28. h6+ Kg8 29. Qg5 Qd8 30. Qe5 f6 31. Qf4 Kf7 32. Rb7+ Re7 33. Reb1 g5 34. Qh2
Kg6 35. Rb8 Qxa5 36. g4 f5 37. Qe5 Rxb8 38. Rxb8 Kxh6 1-0

[Event "Olomouc Chess Summer 2018 - open"]
[Site "Olomouc (CZE)"]
[Date "2018.08.17"]
[Round "8.6"]
[White "Kula, Dominik"]
[Black "Stigar, Petter"]
[Result "1/2-1/2"]
[WhiteElo "2201"]
[BlackElo "2217"]
[PlyCount "42"]
[EventDate "2018.08.11"]

1. Nf3 d5 2. b3 Bg4 3. Ne5 Bf5 4. Bb2 f6 5. Nf3 e5 6. e3 Bd6 7. c4 c6 8. Nc3
Ne7 9. d4 e4 10. Nd2 Be6 11. cxd5 cxd5 12. Nb5 Nbc6 13. Nxd6+ Qxd6 14. Be2 O-O
15. O-O Rac8 16. a4 Nb4 17. Ba3 a5 18. Rc1 Rxc1 19. Qxc1 Rc8 20. Qb2 Qc7 21.
Rc1 Qxc1+ 1/2-1/2

[Event "Olomouc Chess Summer 2018 - open"]
[Site "Olomouc (CZE)"]
[Date "2018.08.17"]
[Round "8.7"]
[White "Frugoli, Francesco"]
[Black "Zdrazil, Jan"]
[Result "1/2-1/2"]
[WhiteElo "2178"]
[BlackElo "1953"]
[PlyCount "54"]
[EventDate "2018.08.11"]

1. e4 c5 2. Nf3 d6 3. Bb5+ Nd7 4. O-O a6 5. Bxd7+ Bxd7 6. c3 Nf6 7. Re1 e6 8.
d4 Be7 9. Bg5 O-O 10. Nbd2 cxd4 11. cxd4 Bc6 12. Rc1 h6 13. Bh4 Rc8 14. Bg3 Nh5
15. Nf1 Nxg3 16. Nxg3 d5 17. Ne5 Qa5 18. Nxc6 Rxc6 19. exd5 Rxc1 20. Qxc1 Qxd5
21. b3 Qxd4 22. Nf5 Qc5 23. Nxe7+ Qxe7 24. h3 Rd8 25. Rd1 Rxd1+ 26. Qxd1 Qf6
27. Qc2 Qa1+ 1/2-1/2

[Event "Olomouc Chess Summer 2018 - open"]
[Site "Olomouc (CZE)"]
[Date "2018.08.17"]
[Round "8.8"]
[White "Kalinowska, Zuzanna"]
[Black "Litner, Igor"]
[Result "1/2-1/2"]
[WhiteElo "2044"]
[BlackElo "1990"]
[PlyCount "93"]
[EventDate "2018.08.11"]

1. d4 d5 2. c4 e6 3. Nc3 c6 4. cxd5 exd5 5. Qc2 Nf6 6. Bg5 Nbd7 7. Nf3 Bd6 8.
e3 h6 9. Bh4 O-O 10. Bd3 Re8 11. O-O Nf8 12. e4 Be7 13. e5 Nh5 14. Bxe7 Qxe7
15. g3 Bg4 16. Nd2 Ne6 17. Nb3 Bh3 18. Rfe1 a5 19. a4 Qg5 20. Bf1 Bxf1 21. Kxf1
Qg4 22. Qe2 Qh3+ 23. Kg1 f5 24. Qf1 Qxf1+ 25. Kxf1 g5 26. f3 Ra6 27. Ne2 Rb6
28. Ra3 Rb4 29. Rd1 Ra8 30. Rd2 Nhg7 31. Nc3 Kf7 32. Na2 Rc4 33. Nc3 f4 34. g4
h5 35. h3 b6 36. Ne2 Rh8 37. Kg2 hxg4 38. hxg4 Ne8 39. Nbc1 c5 40. dxc5 Nxc5
41. b3 Rb4 42. Nc3 Nc7 43. N3a2 Ke6 44. Nxb4 axb4 45. Raa2 Kxe5 46. a5 Rb8 47.
Nd3+ 1/2-1/2

[Event "Olomouc Chess Summer 2018 - open"]
[Site "Olomouc (CZE)"]
[Date "2018.08.17"]
[Round "8.9"]
[White "Riepma, Henk"]
[Black "Karthick, Narayanan S"]
[Result "0-1"]
[WhiteElo "2026"]
[BlackElo "1979"]
[PlyCount "94"]
[EventDate "2018.08.11"]

1. d4 Nf6 2. Nf3 c5 3. e3 d5 4. c3 e6 5. Bd3 Nbd7 6. Ne5 Nxe5 7. dxe5 Nd7 8. f4
c4 9. Bc2 Bc5 10. O-O f5 11. Qe2 O-O 12. Nd2 g5 13. Kh1 g4 14. b3 b5 15. a4 b4
16. cxb4 Bxb4 17. Ba3 Bxa3 18. Rxa3 Qe7 19. Ra2 Ba6 20. bxc4 Rac8 21. Rd1 Bxc4
22. Nxc4 Rxc4 23. Bd3 Rc7 24. Kg1 Nc5 25. Bc2 Rfc8 26. Qd2 Nd7 27. Bd3 Nb6 28.
Ba6 Nc4 29. Qd4 Rb8 30. Bb5 Na5 31. Qd2 Nb3 32. Qe1 Qc5 33. Rb2 Qc3 34. Qxc3
Rxc3 35. Rdb1 Nc5 36. Kf2 a6 37. Be2 Rxb2 38. Rxb2 Ne4+ 39. Ke1 Rxe3 40. Rb6 d4
41. Kf1 d3 42. Bxd3 Rxd3 43. Rxa6 Ra3 44. Rxe6 Rxa4 45. Rc6 Ra1+ 46. Ke2 Ra2+
47. Kf1 Rf2+ 0-1

[Event "Olomouc Chess Summer 2018 - open"]
[Site "Olomouc (CZE)"]
[Date "2018.08.17"]
[Round "8.10"]
[White "Tovarek, Antonin"]
[Black "Ursic, Mateja"]
[Result "1/2-1/2"]
[WhiteElo "1999"]
[BlackElo "2002"]
[PlyCount "129"]
[EventDate "2018.08.11"]

1. e4 e5 2. Nf3 Nc6 3. Bb5 a6 4. Ba4 Nf6 5. O-O b5 6. Bb3 Bc5 7. Re1 d6 8. c3
O-O 9. h3 Bb6 10. d4 Bb7 11. Bg5 h6 12. Bh4 Qe7 13. Bd5 Nd8 14. Nbd2 c6 15. Bb3
c5 16. d5 c4 17. Bc2 Bc8 18. Nh2 g5 19. Bg3 Nb7 20. Nhf1 Nc5 21. Ne3 Ne8 22. b4
cxb3 23. axb3 Ng7 24. b4 Nd7 25. Bd3 Ra7 26. Nb3 Rc7 27. Qd2 Nf6 28. Kh2 Nfh5
29. Na5 Bxa5 30. Rxa5 Nf4 31. Nf5 Nxf5 32. exf5 Qf6 33. Bxf4 gxf4 34. g3 Bxf5
35. Bxf5 fxg3+ 36. fxg3 Qxf5 37. Kg2 Rfc8 38. Re3 Ra8 39. Ra1 Qg5 40. Qe2 f5
41. Kh2 Kh7 42. Rf1 Rc4 43. Ref3 Rf8 44. Qf2 Kg6 45. g4 f4 46. h4 Qf6 47. g5
hxg5 48. Rg1 e4 49. Rh3 f3 50. Rxg5+ Kh6 51. Rhg3 Rxc3 52. Rg6+ Qxg6 53. Qd2+
e3 54. Rxg6+ Kxg6 55. Qxc3 f2 56. Qd3+ Kg7 57. Qd4+ Rf6 58. Qg4+ Kf7 59. Qd7+
Kg6 60. Qg4+ Kf7 61. Qd7+ Kg6 62. Qg4+ Kf7 63. Qh5+ Kg7 64. Qg4+ Kf7 65. Qd7+
1/2-1/2

[Event "Olomouc Chess Summer 2018 - open"]
[Site "Olomouc (CZE)"]
[Date "2018.08.18"]
[Round "9.1"]
[White "Husarik, Branko"]
[Black "Bronowicki, Mateusz"]
[Result "0-1"]
[WhiteElo "2072"]
[BlackElo "2280"]
[PlyCount "102"]
[EventDate "2018.??.??"]

1. d4 e6 2. c4 f5 3. g4 Nf6 4. gxf5 exf5 5. Nc3 Bb4 6. Bg5 h6 7. Bxf6 Qxf6 8.
Qb3 c5 9. O-O-O Bxc3 10. Qxc3 cxd4 11. Qxd4 Qxd4 12. Rxd4 Nc6 13. Rd5 d6 14.
Rxd6 Ke7 15. Rd1 Be6 16. e4 fxe4 17. Re1 Kf6 18. Ne2 Bxc4 19. Nc3 Bxf1 20.
Nxe4+ Kg6 21. Rhxf1 Rhe8 22. Re3 Nb4 23. f4 Nd5 24. Rg3+ Kh7 25. Nd6 Re7 26.
Rd3 Nf6 27. Nf5 Rc7+ 28. Kb1 Re8 29. a3 Re2 30. h3 Ne4 31. Rg1 Rf7 32. Nd4 Nd2+
33. Kc1 Rd7 34. Nxe2 Rxd3 35. Kc2 Rd6 36. Rd1 Nc4 37. Rxd6 Nxd6 38. Kd3 Kg6 39.
Nd4 Kf6 40. b4 g5 41. fxg5+ Kxg5 42. a4 Kh4 43. b5 Kxh3 44. Nc6 bxc6 45. bxc6
Kg4 46. Kd4 Kf5 47. Kd5 Ne8 48. a5 h5 49. c7 Nxc7+ 50. Kc6 Na6 51. Kb7 Nb4 0-1

[Event "Olomouc Chess Summer 2018 - open"]
[Site "Olomouc (CZE)"]
[Date "2018.08.18"]
[Round "9.2"]
[White "Bugalski, Michal"]
[Black "Valenta, Vit"]
[Result "1/2-1/2"]
[WhiteElo "2263"]
[BlackElo "2085"]
[PlyCount "39"]
[EventDate "2018.??.??"]

1. e4 e5 2. Nf3 Nc6 3. Bc4 Be7 4. d4 d6 5. d5 Nb8 6. Bd3 Nf6 7. c4 O-O 8. h3 a5
9. Nc3 Na6 10. Be3 b6 11. a3 Bd7 12. Bc2 g6 13. Bh6 Re8 14. Ba4 Nc5 15. Bc2 Na6
16. O-O Bf8 17. Be3 Bg7 18. Qb1 Nh5 19. b4 Nf4 20. Ba4 1/2-1/2

[Event "Olomouc Chess Summer 2018 - open"]
[Site "Olomouc (CZE)"]
[Date "2018.08.18"]
[Round "9.3"]
[White "Zielinski, Wojciech"]
[Black "Schmid, Thomas"]
[Result "1/2-1/2"]
[WhiteElo "2157"]
[BlackElo "2109"]
[PlyCount "39"]
[EventDate "2018.??.??"]

1. e4 c5 2. Nf3 d6 3. d4 cxd4 4. Nxd4 Nf6 5. f3 Nc6 6. c4 Qb6 7. Nc2 e6 8. Nc3
Be7 9. Rb1 O-O 10. Be3 Qc7 11. Be2 Rd8 12. Qd2 a6 13. O-O Ne5 14. b3 d5 15.
cxd5 exd5 16. Nxd5 Nxd5 17. exd5 Be6 18. Nd4 Bxd5 19. Rbc1 Nc6 20. Nxc6 1/2-1/2

[Event "Olomouc Chess Summer 2018 - open"]
[Site "Olomouc (CZE)"]
[Date "2018.08.18"]
[Round "9.4"]
[White "Budnik, Mateusz"]
[Black "Kula, Dominik"]
[Result "0-1"]
[WhiteElo "2003"]
[BlackElo "2201"]
[PlyCount "76"]
[EventDate "2018.??.??"]

1. e4 c5 2. Nf3 d6 3. d4 cxd4 4. Nxd4 Nf6 5. Nc3 a6 6. h3 e5 7. Nde2 h5 8. g3
Be7 9. Bg2 Nbd7 10. Bg5 b5 11. a3 Bb7 12. O-O O-O 13. Nc1 Qb6 14. Be3 Qc6 15.
Nd3 a5 16. Nd5 Nxd5 17. exd5 Qc7 18. a4 b4 19. c3 bxc3 20. Rc1 Nf6 21. Rxc3 Qd7
22. Qb3 Rab8 23. Qa2 e4 24. Nf4 g5 25. Ne2 Nxd5 26. Rcc1 Nb4 27. Qa1 Ba6 28.
Nd4 Bxf1 29. Bxf1 Bf6 30. Kh2 Nd3 31. Bxd3 exd3 32. Qa3 Rfe8 33. Nb5 Rxe3 34.
fxe3 Qf5 35. Rg1 Be5 36. Rg2 h4 37. Nxd6 Bxg3+ 38. Kg1 Qd5 0-1

[Event "Olomouc Chess Summer 2018 - open"]
[Site "Olomouc (CZE)"]
[Date "2018.08.18"]
[Round "9.5"]
[White "Karthick, Narayanan S"]
[Black "Zdrazil, Tomas"]
[Result "1/2-1/2"]
[WhiteElo "1979"]
[BlackElo "2065"]
[PlyCount "58"]
[EventDate "2018.??.??"]

1. e4 c5 2. Nc3 e6 3. g3 Nc6 4. Bg2 Nf6 5. d3 d5 6. Bg5 Be7 7. exd5 Nxd5 8.
Bxe7 Ndxe7 9. Qh5 b6 10. Nge2 Bb7 11. Qg5 O-O 12. O-O-O Nf5 13. Qxd8 Raxd8 14.
Be4 Nfd4 15. Nxd4 Rxd4 16. Rhe1 Rd7 17. Bxc6 Bxc6 18. Re5 Rfd8 19. Rde1 g6 20.
a4 a5 21. b3 Bd5 22. h4 Kg7 23. f4 h5 24. Kb2 Bc6 25. Nb1 Rd5 26. Na3 Rxe5 27.
Rxe5 Bd5 28. Kc3 f6 29. Re3 Kf7 1/2-1/2

[Event "Olomouc Chess Summer 2018 - open"]
[Site "Olomouc (CZE)"]
[Date "2018.08.18"]
[Round "9.6"]
[White "Ursic, Mateja"]
[Black "Stigar, Petter"]
[Result "1/2-1/2"]
[WhiteElo "2002"]
[BlackElo "2217"]
[PlyCount "68"]
[EventDate "2018.08.11"]

1. e4 c6 2. d4 d5 3. exd5 cxd5 4. Bd3 Nc6 5. c3 Nf6 6. Bf4 Bg4 7. f3 Bh5 8. Ne2
e6 9. O-O Bd6 10. Nd2 Bg6 11. Nb3 O-O 12. Bxd6 Qxd6 13. Ng3 e5 14. dxe5 Nxe5
15. Bxg6 hxg6 16. Nd4 Nc4 17. Rf2 Rfe8 18. b3 Ne5 19. Qd2 Rac8 20. Re2 Nc6 21.
Rxe8+ Rxe8 22. Nge2 Qc5 23. Kf1 Rc8 24. Rd1 Qa5 25. a4 Qb6 26. b4 Ne5 27. a5
Qd8 28. Nc2 b6 29. axb6 Nc4 30. Qd4 Nxb6 31. Ne3 Qc7 32. g3 Re8 33. Nf4 Rc8 34.
Rd3 Qb7 1/2-1/2

[Event "Olomouc Chess Summer 2018 - open"]
[Site "Olomouc (CZE)"]
[Date "2018.08.18"]
[Round "9.7"]
[White "Cagasik, Tomas"]
[Black "Tovarek, Antonin"]
[Result "1-0"]
[WhiteElo "2180"]
[BlackElo "1999"]
[PlyCount "69"]
[EventDate "2018.08.11"]

1. d4 Nf6 2. Bf4 e6 3. e3 Be7 4. Bd3 b6 5. Nd2 Bb7 6. e4 d6 7. Ngf3 O-O 8. h4
d5 9. e5 Ne4 10. Ng5 h6 11. Ngxe4 dxe4 12. Bxe4 Bxe4 13. Nxe4 f5 14. exf6 Bxf6
15. Be3 Nc6 16. Qg4 Qe7 17. O-O-O Rad8 18. c3 Rd5 19. Bxh6 e5 20. Bg5 Kf7 21.
Qf3 Rfd8 22. Rde1 Ke6 23. Qg4+ Kf7 24. f4 Nxd4 25. cxd4 Rxd4 26. fxe5 Qb4 27.
exf6 g6 28. Qe2 Rc4+ 29. Nc3 Rxc3+ 30. Kb1 Rc6 31. Qe7+ Qxe7 32. fxe7 Re8 33.
Rhf1+ Kg7 34. Rf8 Rxe7 35. Bxe7 1-0

[Event "Olomouc Chess Summer 2018 - open"]
[Site "Olomouc (CZE)"]
[Date "2018.08.18"]
[Round "9.8"]
[White "Dhyana, Patel"]
[Black "Frugoli, Francesco"]
[Result "0-1"]
[WhiteElo "1855"]
[BlackElo "2178"]
[PlyCount "96"]
[EventDate "2018.08.11"]

1. e4 e5 2. Nf3 Nc6 3. Bb5 Nf6 4. Bxc6 dxc6 5. d3 Bc5 6. Qe2 Qe7 7. Nbd2 Bg4 8.
h3 Bh5 9. Nc4 Nd7 10. a3 O-O-O 11. b4 Bd4 12. Rb1 Nb6 13. Nxb6+ cxb6 14. Bd2
Bxf3 15. Qxf3 b5 16. O-O Kb8 17. Be3 g5 18. Qf5 f6 19. Rfd1 h5 20. g3 Rhf8 21.
Kg2 c5 22. c3 Bxe3 23. fxe3 cxb4 24. cxb4 Qf7 25. Qf2 Qe6 26. Qe2 Rc8 27. Rdc1
Rc6 28. Rxc6 Qxc6 29. Qb2 Rc8 30. Rf1 Qd6 31. Qb3 Rd8 32. Rd1 h4 33. g4 Qb6 34.
Kf3 Rc8 35. Qd5 Qc6 36. Qxc6 Rxc6 37. Ke2 Rc3 38. Rf1 Rxa3 39. Rxf6 Ra2+ 40.
Ke1 Rh2 41. Rf3 b6 42. d4 a5 43. dxe5 a4 44. Rf8+ Kc7 45. e6 Kd6 46. Rb8 a3 47.
Rxb6+ Ke7 48. Ra6 a2 0-1

[Event "Olomouc Chess Summer 2018 - open"]
[Site "Olomouc (CZE)"]
[Date "2018.08.18"]
[Round "9.9"]
[White "Litner, Igor"]
[Black "Petek, Primoz"]
[Result "1/2-1/2"]
[WhiteElo "1990"]
[BlackElo "2097"]
[PlyCount "120"]
[EventDate "2018.08.11"]

1. d4 d5 2. Nf3 Nc6 3. e3 Bg4 4. h3 Bxf3 5. Qxf3 Qd6 6. Bb5 a6 7. Bxc6+ Qxc6 8.
Nd2 Nf6 9. c4 e6 10. O-O Bb4 11. Qe2 Bxd2 12. cxd5 Qb5 13. Qxb5+ axb5 14. Bxd2
exd5 15. f3 O-O 16. Rfe1 Rfe8 17. a3 Re6 18. Re2 Rae8 19. Rae1 h6 20. Kf2 c6
21. g4 g5 22. h4 Kg7 23. hxg5 hxg5 24. Rh1 Nd7 25. Kg3 Rh6 26. Rxh6 Kxh6 27. e4
Kg6 28. e5 Nf8 29. f4 gxf4+ 30. Bxf4 Ne6 31. Be3 Rh8 32. Re1 Ra8 33. Rf1 Ra4
34. Rd1 b4 35. axb4 Rxb4 36. Rd2 Rb3 37. Kf2 Ng5 38. Rc2 Ne4+ 39. Ke2 Ng3+ 40.
Kf2 Ne4+ 41. Ke2 Kg7 42. Kf3 Kf8 43. Ke2 Ke7 44. Kf3 Kd7 45. Ke2 b6 46. Kf3 c5
47. dxc5 bxc5 48. Kf4 Kc6 49. Rh2 Kd7 50. Rc2 c4 51. Rh2 Rd3 52. Rh1 Ng5 53.
Re1 Ne6+ 54. Kf5 d4 55. Bg1 Rf3+ 56. Ke4 Rf4+ 57. Kd5 Rxg4 58. Kxc4 Kc6 59. Rf1
Re4 60. Rxf7 Rxe5 1/2-1/2

[Event "Olomouc Chess Summer 2018 - open"]
[Site "Olomouc (CZE)"]
[Date "2018.08.18"]
[Round "9.10"]
[White "Corso, Roberto"]
[Black "Nosek, Jan"]
[Result "1-0"]
[WhiteElo "2054"]
[BlackElo "1987"]
[PlyCount "25"]
[EventDate "2018.08.11"]

1. d4 Nf6 2. c4 g6 3. g3 Bg7 4. Bg2 d5 5. cxd5 Nxd5 6. e4 Nb6 7. Ne2 Nc6 8. Be3
Nc4 9. Qc2 Be6 10. d5 N6e5 11. Bd4 c5 12. Bc3 Bg4 13. Ng1 1-0

[Event "Olomouc Chess Summer 2018 - seniors"]
[Site "Olomouc (CZE)"]
[Date "2018.08.11"]
[Round "1.1"]
[White "Lys, Josef"]
[Black "Horak, Miroslav"]
[Result "1-0"]
[WhiteElo "2115"]
[BlackElo "1745"]
[PlyCount "43"]
[EventDate "2018.08.11"]

1. d4 Nf6 2. Bg5 e6 3. e4 Be7 4. Bd3 Nc6 5. c3 d6 6. f4 h6 7. Bh4 Bd7 8. Nd2
Nh7 9. Bg3 g5 10. d5 exd5 11. exd5 Nb8 12. Qb3 Qc8 13. Ngf3 Na6 14. Qc2 gxf4
15. Bxh7 fxg3 16. hxg3 h5 17. O-O-O Bg4 18. Nc4 Qd7 19. Ne3 f5 20. Bg6+ Kf8 21.
Bxf5 Bxf5 22. Nxf5 1-0

[Event "Olomouc Chess Summer 2018 - seniors"]
[Site "Olomouc (CZE)"]
[Date "2018.08.11"]
[Round "1.2"]
[White "Starzynski, Waldemar"]
[Black "Juricek, Stanislav"]
[Result "0-1"]
[WhiteElo "1740"]
[BlackElo "2099"]
[PlyCount "182"]
[EventDate "2018.08.11"]

1. e4 e5 2. Nf3 Nc6 3. Nc3 g6 4. d4 exd4 5. Nxd4 Bg7 6. Be3 d6 7. Be2 Nf6 8.
O-O O-O 9. Qd2 Ng4 10. Nxc6 bxc6 11. Bf4 Be6 12. Bf3 Ne5 13. Be2 Nc4 14. Bxc4
Bxc4 15. Rfe1 Re8 16. b3 Ba6 17. Rad1 Qf6 18. Nb1 Bb7 19. f3 c5 20. c3 Qe6 21.
Bg3 f5 22. exf5 Qxf5 23. c4 Qf7 24. Nc3 Rxe1+ 25. Rxe1 Re8 26. Rxe8+ Qxe8 27.
Nb5 Qb8 28. Qe3 Kf7 29. Qf4+ Kg8 30. Qg4 Bc8 31. Qg5 Bd7 32. Qd5+ Kh8 33. Nxc7
Bd4+ 34. Kf1 Qxc7 35. Bxd6 Qc8 36. Be5+ Bxe5 37. Qxe5+ Kg8 38. Qd6 Kf7 39. g4
Qc6 40. Qd3 Be6 41. Kf2 Qc7 42. Kg2 Qd7 43. Qe4 Qd2+ 44. Kg3 Qd6+ 45. Kg2 a6
46. Qb7+ Bd7 47. Qa8 Be8 48. Qb7+ Kg8 49. Qc8 Kf8 50. Qb7 h5 51. gxh5 gxh5 52.
Qc8 Ke7 53. Qb7+ Kf6 54. Qh7 Kg5 55. Qe4 Bc6 56. h4+ Kh6 57. Qe3+ Kg7 58. a4
Kf8 59. Qg5 Be8 60. Qf5+ Ke7 61. Qe4+ Kf8 62. Qe3 Bf7 63. a5 Kg7 64. Kh1 Kf6
65. Kg2 Bg6 66. Qh6 Ke7 67. Qg7+ Bf7 68. Qg5+ Kd7 69. Qe3 Qg6+ 70. Kh2 Qf5 71.
Kg3 Be6 72. Kf2 Kd6 73. Qd2+ Kc7 74. Qe3 Kc6 75. Qh6 Qe5 76. Qf8 Qd6 77. Qe8+
Qd7 78. Qxh5 Qd2+ 79. Kg3 Qxa5 80. Qe8+ Kd6 81. h5 Qe1+ 82. Kh2 Qf2+ 83. Kh1
Qxf3+ 84. Kg1 Qe3+ 85. Kh2 Qf2+ 86. Kh1 Bf5 87. Qb8+ Ke6 88. Qe8+ Kf6 89. Qd8+
Ke5 90. Qd5+ Kf4 91. Qd6+ Kf3 0-1

[Event "Olomouc Chess Summer 2018 - seniors"]
[Site "Olomouc (CZE)"]
[Date "2018.08.11"]
[Round "1.3"]
[White "Lauritzen, Einar"]
[Black "Novak, Borivoj"]
[Result "1-0"]
[WhiteElo "2007"]
[BlackElo "1738"]
[PlyCount "71"]
[EventDate "2018.08.11"]

1. d4 d5 2. Nf3 Nf6 3. c4 c6 4. Qb3 dxc4 5. Qxc4 Be6 6. Qc2 g6 7. Nc3 Bg7 8. e3
O-O 9. Be2 Nbd7 10. O-O Rc8 11. e4 Nb6 12. Rd1 Qc7 13. h3 h6 14. b3 Rfd8 15.
Be3 a6 16. Rac1 Nh5 17. Qd2 Kh7 18. g4 Nf6 19. Bf4 Qd7 20. Qe3 Nxg4 21. hxg4
Bxg4 22. Ne5 Bxe5 23. dxe5 Nd5 24. exd5 cxd5 25. Nxd5 Rxc1 26. Qxc1 Bxe2 27.
Nf6+ exf6 28. Rxd7 Rxd7 29. Qe3 Rd1+ 30. Kh2 Bb5 31. Qf3 Rd7 32. exf6 Bc6 33.
Qe2 Rd5 34. Qe7 Rh5+ 35. Kg3 Bd5 36. Qf8 1-0

[Event "Olomouc Chess Summer 2018 - seniors"]
[Site "Olomouc (CZE)"]
[Date "2018.08.12"]
[Round "2.1"]
[White "Fiala, Jiri"]
[Black "Lys, Josef"]
[Result "0-1"]
[WhiteElo "1849"]
[BlackElo "2115"]
[PlyCount "68"]
[EventDate "2018.08.11"]

1. d4 Nf6 2. Nf3 b6 3. Bf4 Nh5 4. Bc1 Bb7 5. e3 g6 6. Be2 Bg7 7. O-O O-O 8. c4
f5 9. Nc3 Nf6 10. b4 a5 11. b5 Qe8 12. Bb2 h6 13. h4 d6 14. d5 e5 15. dxe6 Qxe6
16. Nd4 Qf7 17. Rc1 Nbd7 18. Ba1 Ne5 19. Nd5 Nxd5 20. cxd5 Bxd5 21. a4 Rae8 22.
Qc2 Re7 23. Qd2 Ba8 24. Nc6 Bxc6 25. Rxc6 Nxc6 26. bxc6 Bxa1 27. Rxa1 Qf6 28.
Rc1 Qxh4 29. g3 Qxa4 30. Rc4 Qa1+ 31. Kg2 Qf6 32. Rh4 g5 33. Ra4 Rg7 34. Qd5+
Kh8 0-1

[Event "Olomouc Chess Summer 2018 - seniors"]
[Site "Olomouc (CZE)"]
[Date "2018.08.12"]
[Round "3.1"]
[White "Lys, Josef"]
[Black "Kylar, Miroslav"]
[Result "1-0"]
[WhiteElo "2115"]
[BlackElo "1917"]
[PlyCount "41"]
[EventDate "2018.08.11"]

1. d4 d5 2. c4 c6 3. Nc3 Nf6 4. Nf3 dxc4 5. a4 Bf5 6. Nh4 e6 7. Nxf5 exf5 8. e3
Nbd7 9. Bxc4 Nb6 10. Be2 Nbd5 11. O-O Qa5 12. Bd2 Bb4 13. Qc2 g6 14. f3 Qb6 15.
a5 Qc7 16. a6 Nxc3 17. Bxc3 Bd6 18. h3 Bh2+ 19. Kh1 Nh5 20. f4 Bxf4 21. Bxh5
1-0